[Event "CARIFTA CHESS GAMES 2014 - UNDER 16"]
[Site "Schoelcher"]
[Date "2014.04.19"]
[Round "3.8"]
[White "Fares, Leo"]
[Black "Marie-Calixte, Andy"]
[Result "1-0"]
[WhiteElo "1489"]
[BlackElo "1319"]
[PlyCount "97"]
[EventDate "2014.??.??"]

1. e4 e5 2. Nf3 Nc6 3. d4 d6 4. dxe5 dxe5 5. Qxd8+ Nxd8 6. Nxe5 f6 7. Nd3 Be6
8. Bf4 Bd6 9. Bxd6 cxd6 10. Nc3 Ne7 11. O-O-O O-O 12. Nf4 f5 13. Nxe6 Nxe6 14.
Rxd6 Nc5 15. Bc4+ Kh8 16. exf5 Nxf5 17. Rd2 Rae8 18. b4 Ne4 19. Nxe4 Rxe4 20.
Bd3 Rd4 21. Bxf5 Rxd2 22. Kxd2 Rxf5 23. f3 Kg8 24. Re1 Kf7 25. Re4 a5 26. a3 a4
27. b5 Rxb5 28. Rxa4 Rd5+ 29. Kc3 Kf6 30. Rf4+ Ke6 31. g4 Rc5+ 32. Kb2 Rb5+ 33.
Rb4 Rxb4+ 34. axb4 b5 35. Kb3 Kd6 36. c4 bxc4+ 37. Kxc4 Kc6 38. f4 h6 39. h4 g6
40. f5 gxf5 41. gxf5 Kd6 42. b5 Ke5 43. b6 Kxf5 44. b7 Kg4 45. b8=Q Kxh4 46.
Qg8 h5 47. Kd4 Kh3 48. Ke3 h4 49. Kf3 1-0

[Event "CARIFTA CHESS GAMES 2014 - UNDER 16"]
[Site "Schoelcher"]
[Date "2014.04.19"]
[Round "3.9"]
[White "Garraway, Chaz"]
[Black "Parfait, Emmanuel"]
[Result "0-1"]
[WhiteElo "1199"]
[BlackElo "1474"]
[PlyCount "88"]
[EventDate "2014.??.??"]

1. e4 e5 2. Nf3 Nc6 3. d4 exd4 4. Nxd4 Bc5 5. Nxc6 bxc6 6. Nc3 Qf6 7. f3 Ne7 8.
Bc4 O-O 9. Qe2 d5 10. exd5 Nxd5 11. Nxd5 cxd5 12. Bxd5 Bb7 13. Be4 Bxe4 14.
fxe4 Rae8 15. Rf1 Qd4 16. Rf4 Qg1+ 17. Qf1 Qxh2 18. Bd2 Qg3+ 19. Kd1 Rd8 20.
Qf3 Qxf3+ 21. Rxf3 Rfe8 22. Rf5 Bb6 23. e5 Be3 24. Ke2 Bxd2 25. Rd1 Bh6 26. Rh5
Rxd1 27. Kxd1 Bf4 28. Rh4 Bxe5 29. Ra4 Ra8 30. c3 g6 31. g4 Kg7 32. Ke2 Re8 33.
Re4 f5 34. gxf5 gxf5 35. Re3 Kf7 36. Rh3 Kg6 37. Re3 h5 38. b4 Kg5 39. Kf2 Kg4
40. Kg2 f4 41. Re4 h4 42. Re1 f3+ 43. Kf2 Bg3+ 44. Kg1 Rxe1# 0-1

[Event "CARIFTA CHESS GAMES 2014 - UNDER 16"]
[Site "Schoelcher"]
[Date "2014.04.19"]
[Round "4.1"]
[White "Richards, Allon"]
[Black "Bueno, Mark"]
[Result "1/2-1/2"]
[WhiteElo "1857"]
[BlackElo "1863"]
[PlyCount "41"]
[EventDate "2014.??.??"]

1. e4 Nf6 2. e5 Nd5 3. d4 d6 4. c4 Nb6 5. exd6 exd6 6. Nc3 Be7 7. Bd3 O-O 8.
Nge2 Nc6 9. O-O Bf6 10. Ne4 Re8 11. b3 Nb4 12. Bb1 d5 13. Nxf6+ Qxf6 14. c5 Nd7
15. Be3 a5 16. a3 Na6 17. Nf4 c6 18. Nh5 Qe6 19. Nf4 Qf6 20. Nh5 Qe6 21. Nf4
1/2-1/2

[Event "CARIFTA CHESS GAMES 2014 - UNDER 16"]
[Site "Schoelcher"]
[Date "2014.04.19"]
[Round "4.2"]
[White "Tin, Romain"]
[Black "Prudent, Sylvio"]
[Result "0-1"]
[WhiteElo "1438"]
[BlackElo "1428"]
[PlyCount "160"]
[EventDate "2014.??.??"]

1. e4 e5 2. Bc4 Nc6 3. Nf3 Bc5 4. O-O Nf6 5. d3 d6 6. Nc3 Bg4 7. Bb5 Qd7 8. Bg5
a6 9. Bxc6 Qxc6 10. Bxf6 gxf6 11. Nd5 f5 12. Nf6+ Ke7 13. Nxg4 fxg4 14. Nd2
Rhg8 15. Nb3 Raf8 16. Rc1 h5 17. d4 exd4 18. Nxd4 Qb6 19. Nf5+ Kd7 20. c3 a5
21. Qa4+ c6 22. Rb1 Re8 23. a3 Qc7 24. Qc4 Re6 25. b4 axb4 26. axb4 b5 27. Qb3
Bb6 28. Rbd1 Ke8 29. Rd2 Qb8 30. Rfd1 Bc7 31. Qc2 Rgg6 32. c4 bxc4 33. Qxc4 Qb6
34. Ra1 Kf8 35. Qa6 Qxb4 36. Re2 Qc3 37. Ree1 Bd8 38. Rec1 Qe5 39. Qxc6 Qxe4
40. Qxe4 Rxe4 41. Rc8 Ke8 42. g3 Kd7 43. Rca8 Bb6 44. Rb1 Bc5 45. Rf8 Rf6 46.
Rb7+ Ke6 47. Ng7+ Kd5 48. Rfxf7 Bxf2+ 49. Kg2 Bd4 50. Rxf6 Bxf6 51. Nxh5 Bd4
52. Nf4+ Kc6 53. Rb1 Be5 54. Rc1+ Kd7 55. Nd3 Re2+ 56. Kh1 Rd2 57. Ne1 d5 58.
Ng2 d4 59. Kg1 Kd6 60. Nh4 Kd5 61. Ng6 d3 62. Ne7+ Ke4 63. Ng8 Kf3 64. Nh6 Bd4+
65. Kh1 Re2 66. Nf5 Be3 67. Nh4+ Kf2 68. Rd1 Re1+ 69. Rxe1 Kxe1 70. Nf5 Kf2 71.
Nd6 Kf3 72. Nc4 Bd4 73. h4 Kxg3 74. h5 Kf3 75. h6 g3 76. Nd2+ Ke2 77. Nc4 Kf2
78. Ne3 Bxe3 79. h7 d2 80. h8=Q d1=Q# 0-1

[Event "CARIFTA CHESS GAMES 2014 - UNDER 16"]
[Site "Schoelcher"]
[Date "2014.04.19"]
[Round "4.3"]
[White "Diaz, Brian"]
[Black "Pierre-Leandre, Thomas"]
[Result "1/2-1/2"]
[WhiteElo "1199"]
[BlackElo "1370"]
[PlyCount "66"]
[EventDate "2014.??.??"]

1. e4 e5 2. Nf3 Nc6 3. Bc4 Nf6 4. d3 Bc5 5. Nc3 d6 6. h3 Be6 7. Bb3 h6 8. Be3
Bxe3 9. fxe3 Bxb3 10. axb3 Ne7 11. d4 exd4 12. exd4 O-O 13. O-O Re8 14. Re1 a6
15. Qe2 Ng6 16. Qd2 Nd7 17. Rad1 Qf6 18. Nd5 Qd8 19. c4 c6 20. Nc3 Qb6 21. Qc2
Nf4 22. c5 dxc5 23. Na4 Qb4 24. dxc5 Nf6 25. Rd4 Qb5 26. e5 N6d5 27. Qc4 Qxc4
28. bxc4 Ne6 29. cxd5 Nxd4 30. Nxd4 cxd5 31. b4 a5 32. b5 Rac8 33. Rc1 Rxe5
1/2-1/2

[Event "CARIFTA CHESS GAMES 2014 - UNDER 16"]
[Site "Schoelcher"]
[Date "2014.04.19"]
[Round "4.4"]
[White "Mc Intosh, Isaiah"]
[Black "Cesaire-Hierso, Florian"]
[Result "1-0"]
[WhiteElo "1199"]
[BlackElo "1313"]
[PlyCount "91"]
[EventDate "2014.??.??"]

1. e4 c5 2. Nf3 d6 3. Bb5+ Nd7 4. d4 cxd4 5. Qxd4 e5 6. Qd3 a6 7. Bxd7+ Bxd7 8.
c4 Bc6 9. a4 Nf6 10. Nc3 Be7 11. O-O O-O 12. h3 Rc8 13. Be3 Qc7 14. b3 b6 15.
Rac1 Qb7 16. Nd2 Nd7 17. b4 Qa8 18. b5 axb5 19. axb5 Bb7 20. Ra1 Qb8 21. Nd5
Bxd5 22. Qxd5 Nf6 23. Qd3 Qb7 24. Ra6 Nd7 25. Qd5 Qxd5 26. cxd5 Bd8 27. Ra7 Nc5
28. Rc1 Bf6 29. Bxc5 Bg5 30. Ba3 Rxc1+ 31. Bxc1 Rc8 32. Ra1 h6 33. Nb3 Rc3 34.
Bxg5 Rxb3 35. Be7 Rxb5 36. Bxd6 f6 37. Ra8+ Kf7 38. Rb8 g6 39. Kh2 Rb1 40. Bc5
b5 41. d6 Ke6 42. Re8+ Kd7 43. Re7+ Kc8 44. d7+ Kd8 45. Rg7 Rd1 46. Bb6# 1-0

[Event "CARIFTA CHESS GAMES 2014 - UNDER 16"]
[Site "Schoelcher"]
[Date "2014.04.19"]
[Round "4.5"]
[White "Cardoza, Luke"]
[Black "Laurent, Nicolas"]
[Result "1-0"]
[WhiteElo "1466"]
[BlackElo "1250"]
[PlyCount "55"]
[EventDate "2014.??.??"]

1. e4 e5 2. Nf3 Nc6 3. Bb5 Nf6 4. O-O a6 5. Bxc6 dxc6 6. Nxe5 Qd4 7. Nf3 Qxe4
8. Re1 Bc5 9. Rxe4+ Nxe4 10. Qe2 f5 11. d3 O-O 12. dxe4 Re8 13. Qc4+ Kh8 14.
Qxc5 Rd8 15. Nc3 fxe4 16. Ne5 Be6 17. Bg5 Rf8 18. Nxe4 Rae8 19. Rd1 Bf5 20. Ng3
Be6 21. Qxf8+ Rxf8 22. Rd8 Rxd8 23. Bxd8 Bxa2 24. Bxc7 Be6 25. Ne4 Bd5 26. Nd6
Kg8 27. Nxb7 Be4 28. c3 1-0

[Event "CARIFTA CHESS GAMES 2014 - UNDER 16"]
[Site "Schoelcher"]
[Date "2014.04.19"]
[Round "4.6"]
[White "Lepelletier-Beaufond, Arthur"]
[Black "Fares, Leo"]
[Result "0-1"]
[WhiteElo "1401"]
[BlackElo "1489"]
[PlyCount "103"]
[EventDate "2014.??.??"]

1. d4 Nf6 2. c4 g6 3. Nc3 d5 4. b3 Bg7 5. Bb2 O-O 6. e3 c6 7. Bd3 Bd7 8. Nge2
Re8 9. O-O Qc7 10. Rc1 dxc4 11. Bxc4 e6 12. Ng3 a6 13. Nce4 Nxe4 14. Nxe4 b5
15. Bd3 e5 16. Qf3 f5 17. Ng5 h6 18. Qg3 hxg5 19. Qxg5 Qd6 20. Rfd1 e4 21. Be2
Qf6 22. Qf4 Bf8 23. Rc2 g5 24. Qc7 Bd6 25. Qb7 Qh8 26. h3 Qh7 27. d5 Re7 28.
dxc6 Bxc6 29. Qc8+ Re8 30. Qxf5 Qxf5 31. Rxd6 Ra7 32. Bh5 Rf8 33. Rg6+ Qxg6 34.
Bxg6 Rd7 35. Be5 Rd1+ 36. Kh2 Nd7 37. Rxc6 Nxe5 38. Rxa6 Nxg6 39. Rxg6+ Kh7 40.
Rxg5 Rxf2 41. Rxb5 Rxa2 42. Re5 Rdd2 43. Rxe4 Rxg2+ 44. Kh1 Rgb2 45. Rg4 Rxb3
46. Rg3 Rb1+ 47. Rg1 Rxg1+ 48. Kxg1 Kg6 49. e4 Kf6 50. h4 Ke5 51. h5 Kxe4 52.
h6 0-1

[Event "CARIFTA CHESS GAMES 2014 - UNDER 16"]
[Site "Schoelcher"]
[Date "2014.04.19"]
[Round "4.7"]
[White "Parfait, Emmanuel"]
[Black "Arsenec, Charles-Andre"]
[Result "1-0"]
[WhiteElo "1474"]
[BlackElo "1330"]
[PlyCount "85"]
[EventDate "2014.??.??"]

1. e4 e5 2. Nf3 Nc6 3. d4 d6 4. dxe5 Bg4 5. exd6 Bxd6 6. Bc4 Nf6 7. Nc3 a6 8.
a4 h6 9. O-O O-O 10. Re1 Re8 11. Bd2 Bb4 12. Bd3 Nd4 13. Re3 Bc5 14. Re1 Nxf3+
15. gxf3 Bh5 16. Be3 Bb4 17. Be2 Qxd1 18. Raxd1 Rad8 19. Rf1 Bxc3 20. bxc3 c6
21. a5 Kh7 22. Rb1 Re5 23. Rxb7 Rxa5 24. Bb6 Rd2 25. Bxa5 Rxe2 26. Kg2 Rxc2 27.
Rb6 Ra2 28. Rxa6 c5 29. Rd1 c4 30. Rdd6 Ne8 31. Rdc6 f6 32. Bb4 Rc2 33. Ra7 Kg6
34. Rxc4 Kg5 35. Rc5+ Kh4 36. Raa5 g6 37. Rc4 g5 38. e5+ g4 39. fxg4 Bxg4 40.
h3 h5 41. hxg4 fxe5 42. gxh5+ Kxh5 43. Rxe5+ 1-0

[Event "CARIFTA CHESS GAMES 2014 - UNDER 16"]
[Site "Schoelcher"]
[Date "2014.04.19"]
[Round "4.8"]
[White "Walrond, Niccolo"]
[Black "Casimir, Matthieu"]
[Result "0-1"]
[WhiteElo "1222"]
[BlackElo "1199"]
[PlyCount "98"]
[EventDate "2014.??.??"]

1. e4 e5 2. Nf3 Bc5 3. Nxe5 Qh4 4. Qe2 d6 5. Nf3 Qxf2+ 6. Qxf2 Bxf2+ 7. Kxf2
Nc6 8. Bc4 Nb4 9. Bb3 Bg4 10. Rf1 O-O-O 11. Ng5 Nh6 12. Bxf7 Rhf8 13. Nc3 Nxc2
14. Rb1 Nxf7 15. Nxf7 Rxf7+ 16. Kg1 Rdf8 17. Rxf7 Rxf7 18. d4 Nxd4 19. Be3 Be2
20. Re1 c5 21. Nxe2 Nc2 22. Rc1 Nxe3 23. Ng3 c4 24. Nf5 Nxf5 25. exf5 Rxf5 26.
Rxc4+ Kd7 27. g4 Rf6 28. Rb4 b6 29. Ra4 a5 30. b4 axb4 31. Rxb4 Kc7 32. a4 d5
33. Rd4 Kc6 34. Rd3 Rd6 35. Rf3 d4 36. Rf1 d3 37. Rd1 d2 38. Kf1 Kc5 39. Ke2
Kb4 40. Rxd2 Rxd2+ 41. Kxd2 Kxa4 42. Kc2 Ka3 43. Kb1 b5 44. Kc1 b4 45. Kb1 b3
46. Ka1 b2+ 47. Kb1 g5 48. h3 h6 49. h4 gxh4 0-1

[Event "CARIFTA CHESS GAMES 2014 - UNDER 16"]
[Site "Schoelcher"]
[Date "2014.04.19"]
[Round "4.9"]
[White "Marie-Calixte, Andy"]
[Black "Garraway, Chaz"]
[Result "1-0"]
[WhiteElo "1319"]
[BlackElo "1199"]
[PlyCount "105"]
[EventDate "2014.??.??"]

1. d4 d5 2. c4 dxc4 3. e3 Nf6 4. Nc3 Nc6 5. Bxc4 e6 6. a3 Be7 7. Nf3 O-O 8. O-O
Re8 9. Re1 Bd6 10. e4 e5 11. d5 Na5 12. Ba2 b6 13. b4 Nb7 14. Bb2 Bd7 15. Rc1
c6 16. h3 c5 17. b5 a6 18. bxa6 Rxa6 19. Bc4 Ra8 20. Bb5 Bxb5 21. Nxb5 Qd7 22.
Nxd6 Nxd6 23. Nxe5 Qb5 24. Rb1 Nfxe4 25. Nc6 Qa4 26. Qxa4 Rxa4 27. f3 Nf6 28.
Bxf6 Rxe1+ 29. Rxe1 gxf6 30. Rb1 b5 31. Rc1 c4 32. Rc3 Kg7 33. Kf2 Nf5 34. g4
Nd6 35. Ke3 Kg6 36. Kd4 Nb7 37. f4 h5 38. Ne7+ Kh6 39. Nf5+ Kg6 40. d6 hxg4 41.
hxg4 Ra8 42. Kd5 Rc8 43. Ne7+ Kg7 44. Nxc8 Kf8 45. Re3 Nd8 46. d7 Kg7 47. Re8
Ne6 48. f5 Nf4+ 49. Ke4 c3 50. d8=Q c2 51. Rg8+ Kh7 52. Rh8+ Kg7 53. Qg8# 1-0